000 00414nam a2200181Ia 4500
005 20240823043918.0
008 240823s9999||||xx |||||||||||||| ||und||
041 _aENGLISH
082 _A425 P2
100 _aJewelcy Jawahar
245 0 _aComprehensive English
250 _a1st
260 _c2002
_bD DPublica
500 _aTRANSFERED
650 _aEnglish
_bEnglish
700 _a Rathna P
942 _cBK
999 _c211329
_d211329